000
00329nam a22001337a 4500
008
260401b ||||| |||| 00| 0 eng d
020
_a
9772232874001821.
041
_a
eng
080
_a
821.01
100
_a
25
101
_a
confe
245
_a
Regional Science Conferece with International Participation
942
_2
udc
_c
BK
999
_c
60958
_d
60958